Výroční zpráva Státního památkového ústavu v Ostravě

Korporativní autor: Státní památkový ústav v Ostravě
Jazyk: Čeština
Vydáno: Ostrava : Státní památkový ústav, [2001?]-
Témata:
Fyzický popis: ^^^sv. ; 21 cm
Odebírané ročníky: 2001-
Noviny a časopisy
Uloženo v:
LEADER 03023nas a2200637 a 4500
001 000623915
003 CZ BrMZK
005 20080819132139.0
007 ta
008 020919c20019999xr cr p 0 b0cze d
015 |z cnb000974126 
040 |a BOA001  |b cze 
043 |a e-xr---  |b e-xr-mr  |b e-xr-sl  |b e-xr-mo  |2 czenas 
072 7 |a 71  |x Územní plánování. Urbanismus. Památková péče  |2 Konspekt 
080 |a 719  |2 MRF 
080 |a (437.32-17)  |2 MRF 
080 |a (437.33)  |2 MRF 
080 |a (437.326)  |2 MRF 
080 |a (058)  |2 MRF 
080 |a (047.1)  |2 MRF 
245 0 0 |a Výroční zpráva Státního památkového ústavu v Ostravě 
246 3 3 |a Zpráva o činnosti v roce ... (Národní památkový ústav v Ostravě) 
246 3 3 |a Zpráva o činnosti za rok ... (Národní památkový ústav v Ostravě) 
246 3 3 |a Národní památkový ústav v Ostravě - zpráva o činnosti 
260 |a Ostrava :  |b Státní památkový ústav,  |c [2001?]- 
300 |a ^^^sv. ;  |c 21 cm 
310 |a 1x ročně 
500 |a Jednotlivé svazky mají vlastní ISBN 
500 |a Vyd. od r. 2003: Národní památkový ústav Praha 
500 |a Od r. 2003 změna názvu: Zpráva o činnosti v roce ... .- Od r. 2004 název: Zpráva o činnosti za rok ... 
541 |c pv-r 
650 0 7 |a památková péče  |7 ph123918  |z Česko  |2 czenas 
655 7 |a ročenky  |7 fd133307  |2 czenas 
655 7 |a výroční zprávy  |7 fd133860  |2 czenas 
610 2 7 |a Státní památkový ústav v Ostravě  |7 kn20010710584  |2 czenas 
651 7 |a Morava severní (Česko)  |7 ge130074  |2 czenas 
651 7 |a Ostrava (Česko)  |7 ge128537  |2 czenas 
651 7 |a Slezsko (Česko)  |7 ge138041  |2 czenas 
710 2 |a Státní památkový ústav v Ostravě  |7 kn20010710584 
902 |a 80-85034-28-X  |q (2002) 
902 |a 80-86234-47-9  |q (2003) 
902 |a 80-86234-62-2  |q (2004) 
902 |a 80-86234-79-7  |q (2005) 
902 |a 978-80-87104-01-9  |q (2006) 
902 |a 978-80-87104-25-5  |q (2007) 
910 |a BOA001  |b 04319-1099.821  |r 2001- 
952 |a e-xr-mo 
990 |a SE 
991 |b 2008 
996 6 |b 2610170759  |c 04319-1099.821  |d 2001  |y 2001  |l MZK  |r Sklad / do 1 hodiny  |n 2  |p p.v.  |w 000623915  |u 000010  |a 1  |e BOA001  |j MZK50  |s P 
996 6 |b 2610197609  |c 04319-1099.821  |d 2002  |y 2002  |l MZK  |r Sklad / do 1 hodiny  |n 0  |p p.v.  |w 000623915  |u 000020  |a 1  |e BOA001  |j MZK50  |s P 
996 6 |b 2610341186  |c 04319-1099.821  |d 2003  |v 2003  |y 2003  |l MZK  |r Sklad / do 1 hodiny  |n 0  |p p.v.  |w 000623915  |u 000030  |a 1  |e BOA001  |j MZK50  |s P 
996 6 |b 2610341187  |c 04319-1099.821  |d 2004  |v 2004  |y 2004  |l MZK  |r Sklad / do 1 hodiny  |n 0  |p p.v.  |w 000623915  |u 000040  |a 1  |e BOA001  |j MZK50  |s P 
996 6 |b 2610341188  |c 04319-1099.821  |d 2005  |v 2005  |y 2005  |l MZK  |r Sklad / do 1 hodiny  |n 0  |p p.v.  |w 000623915  |u 000050  |a 1  |e BOA001  |j MZK50  |s P 
996 6 |b 2610341189  |c 04319-1099.821  |d 2006  |v 2006  |y 2006  |l MZK  |r Sklad / do 1 hodiny  |n 1  |p p.v.  |w 000623915  |u 000060  |a 1  |e BOA001  |j MZK50  |s P 
996 6 |b 2610351282  |c 04319-1099.821  |d 2007  |v 2007  |y 2007  |l MZK  |r Sklad / do 1 hodiny  |n 1  |p p.v.  |w 000623915  |u 000070  |a 1  |e BOA001  |j MZK50  |s P